书目信息 |
| 题名: |
外国名作家大词典
|
|
| 作者: | 张英伦 主编 | |
| 分册: | ||
| 出版信息: | 桂林 漓江出版社 1989.10 |
|
| 页数: | 939页 | |
| 开本: | 26cm | |
| 丛书名: | ||
| 单 册: | ||
| 中图分类: | K825.6-61 | |
| 科图分类: | ||
| 主题词: | ||
| 电子资源: | ||
| ISBN: | 7-5407-0425-X | |
| 000 | 00542nam0 2200193 45 | |
| 001 | 0181012508 | |
| 005 | 20061120105751.62 | |
| 010 | @a7-5407-0425-X@dCNY63.50 | |
| 100 | @a20810111d km y0chiy0120 ea | |
| 101 | 0 | @achi |
| 102 | @aCN@b450000 | |
| 105 | @a z 000yy | |
| 200 | 1 | @Awai guo ming zuo jia da ci dian@Fzhang ying lun@a外国名作家大词典@f张英伦等主编 |
| 210 | @a桂林@c漓江出版社@d1989.10 | |
| 215 | @a939页@c插图@d26cm | |
| 690 | @aK825.6-61 | |
| 701 | 0 | @a张英伦@4主编 |
| 801 | @aCN@bTSTC@c20061120 | |
| 905 | @dK825.6-61@e164 | |
| 外国名作家大词典/张英伦等主编.-桂林:漓江出版社,1989.10 |
| 939页:插图;26cm |
| ISBN 7-5407-0425-X:CNY63.50 |
| ● |
| 相关链接 |
|
|
|
|
正题名:外国名作家大词典
索取号:K825.6-61/164
 
预约/预借
| 序号 | 登录号 | 条形码 | 馆藏地/架位号 | 状态 | 备注 |
| 1 | 0227257 | 202090281 | 第二样本阅览室/ [索取号:K825.6-61/164] | 在馆 |